[Event "Giraldilla de La Habana op"]
[Site "Havana"]
[Date "2018.07.28"]
[Round "2"]
[White "Bueno Gauna, Christian Alejandro"]
[Black "Rodriguez Gomez, Juan Alberto"]
[Result "1-0"]
[WhiteElo "2067"]
[BlackElo "1744"]
[PlyCount "41"]
[EventDate "2018.07.28"]
[EventType "swiss"]
[EventRounds "9"]
[EventCountry "CUB"]
[SourceTitle "EXT 2021"]
[Source "ChessBase"]
[SourceDate "2020.10.23"]
[SourceVersion "1"]
[SourceVersionDate "2020.10.23"]
[SourceQuality "1"]

1. Nf3 d6 2. e4 c6 3. d4 Qc7 4. Nc3 e5 5. Bc4 h6 6. a4 a5 7. Be3 Be7 8. h3 Nf6 9. Qd2 Nbd7 10. 0-0 Nf8 11. Rfe1 Be6 12. d5 Bd7 13. Ra3 Bc8 14. Rd1 Ng6 15. Rb3 Nd7 16. Ne2 c5 17. Ng3 b6 18. Nf5 Ba6 19. Bxa6 Rxa6 20. Nxg7+ Kf8 21. Bxh6 1-0

[Event "Capablanca Memorial op-B 45th"]
[Site "Havana"]
[Date "2011.05.17"]
[Round "6"]
[White "Sanchez Ones, Yeny"]
[Black "Rodriguez Gomez, Juan Alberto"]
[Result "1-0"]
[WhiteElo "2010"]
[BlackElo "1969"]
[PlyCount "61"]
[EventDate "2011.05.11"]
[EventType "swiss"]
[EventRounds "7"]
[EventCountry "CUB"]
[SourceTitle "CBM 142 Extra"]
[Source "ChessBase"]
[SourceDate "2011.06.27"]
[SourceVersion "1"]
[SourceVersionDate "2011.06.27"]
[SourceQuality "1"]

1. e4 c5 2. Nf3 a6 3. d4 cxd4 4. Nxd4 Nf6 5. Nc3 d6 6. Be2 Bd7 7. 0-0 Nc6 8. Be3 b5 9. a3 e6 10. f4 Be7 11. Bf3 Rc8 12. Qe1 0-0 13. Qg3 Ne8 14. Rad1 Bh4 15. Nxc6 Rxc6 16. Qh3 Rc4 17. e5 d5 18. Be2 Be7 19. Bxc4 bxc4 20. Qf3 g6 21. f5 Qc8 22. Bh6 Bc5+ 23. Kh1 d4 24. Bxf8 Bc6 25. Qh3 Bxf8 26. fxe6 fxe6 27. Rxd4 Ng7 28. Ne4 Bxe4 29. Rxe4 Nf5 30. Qf3 Ng3+ 31. hxg3 1-0